| 000 | 01259cam a2200337 i 4500 | ||
|---|---|---|---|
| 001 | 24367 | ||
| 003 | Mx-PuUPA | ||
| 005 | 20250626160152.0 | ||
| 008 | 140415s2006 mx a gr 001 0 spa d | ||
| 020 | _a9688639397 | ||
| 040 |
_aMx-PuUPA _bspa _cMx-PuUPA _dMx-PuUPA _erda |
||
| 041 | 0 | _aspa | |
| 043 | _an-mx--- | ||
| 245 | 1 | 3 |
_aEl salario y sus contribuciones / _b _cJacinto García Flores, Silvestre Fernández Ruiz, coordinadores ; Concepción Eberth Muñoz Tagle, [y otros tres], colaboradores |
| 250 | _aPrimera edición | ||
| 264 | 1 |
_aPuebla, Pue. : _bBenemérita Universidad Autónoma de Puebla, _c2006 |
|
| 300 |
_a162 páginas : _bilustraciones ; _c21 cm |
||
| 336 |
_2rdacontent _atexto _btxt |
||
| 337 |
_2rdamedia _asin medio _bn |
||
| 338 |
_2rdacarrier _avolumen _bnc |
||
| 490 | 0 | _aTextos UAP | |
| 490 | 0 | _aApoyo a la docencia | |
| 650 | 7 |
_2armarc _aSalarios _zMéxico |
|
| 700 | 1 |
_aGarcía Flores, Jacinto, _ecoordinador _91252 |
|
| 700 | 1 |
_aFernándz Ruiz, Silvestre, _ecoordinador |
|
| 700 | 1 |
_aMuñoz Tagle, Concepción Eberth, _ecolaborador |
|
| 942 |
_2ddc _cLI _h331.2972 _iE45 |
||
| 999 |
_c24367 _d24367 |
||